[Event "Atyrau op"]
[Site "Atyrau"]
[Date "2022.08.15"]
[Round "1"]
[White "Alimbaeva, Gulden"]
[Black "Suleymenov, Alisher"]
[Result "0-1"]
[WhiteElo "1566"]
[BlackElo "2463"]
[PlyCount "68"]
[EventDate "2022.08.15"]
[EventType "swiss"]
[EventRounds "9"]
[EventCountry "KAZ"]
[SourceTitle "CBM 210 Extra"]
[Source "ChessBase"]
[SourceDate "2022.11.30"]
[SourceVersion "1"]
[SourceVersionDate "2022.11.30"]
[SourceQuality "1"]

1. e4 c5 2. Nf3 e6 3. d4 cxd4 4. Nxd4 Nc6 5. Nc3 Qc7 6. g3 a6 7. Bg2 Nf6 8. Be3 Bb4 9. Nde2 0-0 10. a3 Be7 11. f3 Ne5 12. Bf4 Rd8 13. Bxe5 Qxe5 14. f4 Qc7 15. Qd2 d6 16. 0-0-0 Rb8 17. h4 b5 18. h5 a5 19. h6 b4 20. axb4 axb4 21. Nb1 g6 22. Bf3 Bb7 23. Qd3 d5 24. exd5 Nxd5 25. Bxd5 Rxd5 26. Qb3 Rc5 27. Rhf1 Bd5 28. Qd3 Bf6 29. Rd2 Qa7 30. Nd4 Bc4 31. Qf3 Bxf1 32. Qxf1 Bxd4 33. Rxd4 Rxc2+ 34. Kxc2 Qxd4 0-1